Catálogo

6ways to design a face : (Registro nro. 70082)

Detalles MARC
000 -LEADER
fixed length control field 01291nam a2200313 i 4500
001 - CONTROL NUMBER
control field 70082
003 - CONTROL NUMBER IDENTIFIER
control field Mx-PuUPA
005 - DATE AND TIME OF LATEST TRANSACTION
control field 20230612132512.0
008 - FIXED-LENGTH DATA ELEMENTS--GENERAL INFORMATION
fixed length control field 230612s2021 xxua fr 000 0 eng d
020 ## - INTERNATIONAL STANDARD BOOK NUMBER
International Standard Book Number 9780867159660
Qualifying information empastado
040 ## - CATALOGING SOURCE
Original cataloging agency Mx-PuUPA
Language of cataloging spa
Transcribing agency Mx-PuUPA
Modifying agency Mx-PuUPA
Description conventions rda
041 0# - LANGUAGE CODE
Language code of text/sound track or separate title eng
100 1# - MAIN ENTRY--PERSONAL NAME
Personal name Coceancig, Paul,
9 (RLIN) 14292
Relator term autor
245 10 - TITLE STATEMENT
Title 6ways to design a face :
Remainder of title corrective jaw surgery to optimize bite, airway, and facial balance /
Statement of responsibility, etc. Paul Coceancing ; ilustrated by Evan M. Stacey
246 3# - VARYING FORM OF TITLE
Title proper/short title Six ways to design a fcace :
Remainder of title corrective jaw surgery to optimize bite, airway, and facial balance.
264 #1 - PRODUCTION, PUBLICATION, DISTRIBUTION, MANUFACTURE, AND COPYRIGHT NOTICE
Place of production, publication, distribution, manufacture Batavia, IL :
Name of producer, publisher, distributor, manufacturer Quintessence Publishing,
Date of production, publication, distribution, manufacture, or copyright notice 2021
300 ## - PHYSICAL DESCRIPTION
Extent vi, 250 páginas :
Other physical details ilustraciones ;
Dimensions 29 cm
336 ## - CONTENT TYPE
Fuente rdacontent
Content type term texto
Content type code txt
337 ## - MEDIA TYPE
Source rdamedia
Media type term sin medio
Media type code n
338 ## - CARRIER TYPE
Source rdacarrier
Carrier type term volumen
Carrier type code nc
650 #7 - SUBJECT ADDED ENTRY--TOPICAL TERM
Source of heading or term armarc
Topical term or geographic name entry element MESH : Procedimientos quirúrgicos ortognáticos
General subdivision Métodos
650 #7 - SUBJECT ADDED ENTRY--TOPICAL TERM
Source of heading or term armarc
Topical term or geographic name entry element Procedimientos quirúrgicos reconstructivos
General subdivision Métodos
700 1# - ADDED ENTRY--PERSONAL NAME
Personal name Stacey, Evan M.,
Relator term ilustrador
942 ## - ADDED ENTRY ELEMENTS (KOHA)
Source of classification or shelving scheme Dewey Decimal Classification
Koha item type Libro
Classification part 617.522059
Item part C655
Existencias
Withdrawn status Lost status Source of classification or shelving scheme Damaged status Not for loan Collection code Home library Current library Shelving location Date acquired Source of acquisition Cost, normal purchase price Total Checkouts Full call number Barcode Date last seen Cost, replacement price Price effective from Koha item type
    Dewey Decimal Classification     General Biblioteca Karol Wojtyla Biblioteca Karol Wojtyla Sala general 05/06/2023 2 4607.22   617.522059 C655 2021 103288 05/01/2026 4607.22 05/06/2023 Reserva permanente